Countries of Asia in Alphabetical Order - Statistics

General Stats
  • This quiz has been taken 17 times
  • The average score is 26 of 48
Answers on the Map
Answers color-coded by a green-red scale on the quiz's map according to % correct below.
 
Answer Stats
Answer % Correct
China
92%
Afghanistan
75%
Cambodia
75%
India
75%
Iran
75%
Iraq
75%
Bahrain
67%
Israel
67%
Japan
67%
Kazakhstan
67%
Oman
67%
Pakistan
67%
Saudi Arabia
67%
Turkey
67%
United Arab Emirates
67%
Yemen
67%
Armenia
58%
Azerbaijan
58%
Bhutan
58%
Brunei
58%
Kuwait
58%
Lebanon
58%
Qatar
58%
Syria
58%
Bangladesh
50%
Indonesia
50%
Jordan
50%
Malaysia
50%
Myanmar
50%
Tajikistan
50%
Thailand
50%
Uzbekistan
50%
Vietnam
50%
Cyprus
42%
Laos
42%
Nepal
42%
North Korea
42%
Philippines
42%
Singapore
42%
South Korea
42%
Turkmenistan
42%
East Timor
33%
Georgia
33%
Kyrgyzstan
33%
Mongolia
33%
Sri Lanka
33%
Taiwan
33%
Maldives
25%
No matching quizzes found
Score Distribution
Percent of People with Each Score
Percentile by Number Answered
Your Score History
You have not taken this quiz